• 首页
  • 本馆介绍
  • 公告通知
  • 最新文献
  • 馆藏检索
  • 电子资源
  • 读者导购
  • 参考咨询
  • 我的图书馆
  • 登录
  • 详细信息显示
  • 放入我的书架
  • 预约/预借图书
  • 作者相关作品
  • 分类相关作品
  • 丛书相关作品
  • 出版社相关作品

书目信息

  • 表格格式
  • 工作单格式
  • 卡片格式
题名:
全国计算机等级考试三级教程
    
 
作者: 张福炎 主编
分册:  
出版信息: 北京   高等教育出版社  2015
页数: 333页
开本: 26cm
丛书名:
单 册:
中图分类: TP3 , TP360.21
科图分类:
主题词: 电子计算机--等级考试--教材 , 微型计算机--系统开发--等级考试--教材
电子资源:
ISBN: 978-7-04-044310-3
000 00943nam0 2200265 450
001 0103745636
005 20160429145415.0
010    @a978-7-04-044310-3@dCNY42.00
100    @a20160129d2015 em y0chiy0120 ea
101 0  @achi
102    @aCN@b110000
105    @aa z 000yy
106    @ar
200 1  @a全国计算机等级考试三级教程@9Quan Guo Ji Suan Ji Deng Ji Kao Shi San Ji Jiao Cheng @e2016年版@f张福炎主编@b专著
210    @a北京@c高等教育出版社@d2015
215    @a333页@c图@d26cm
300    @a全国计算机等级考试教程系列(附考试大纲)
330    @a本书分别对嵌入式系统的概念与基础知识、嵌入式处理器、嵌入式系统硬件组成、嵌入式系统软件、嵌入式系统的开发等相关知识和技能进行讲解。
606 0  @a电子计算机@x等级考试@j教材
606 0  @a微型计算机@x系统开发@x等级考试@j教材
690    @aTP3@v5
690    @aTP360.21@v5
701  0 @a张福炎@4主编@9zhang fu yan
801  0 @aCN@bAZmarc@c20230903
905    @aBZT@dTP3@e217@f1@sTP3/217
    
    全国计算机等级考试三级教程:2016年版/张福炎主编.-北京:高等教育出版社,2015
    333页:图;26cm
    全国计算机等级考试教程系列(附考试大纲)
    
    ISBN 978-7-04-044310-3:CNY42.00
    本书分别对嵌入式系统的概念与基础知识、嵌入式处理器、嵌入式系统硬件组成、嵌入式系统软件、嵌入式系统的开发等相关知识和技能进行讲解。
●
相关链接 在五车中查询图书 在当当中查询图书 在豆瓣中查询图书


正题名:全国计算机等级考试三级教程     索取号:TP3/217         预约/预借

序号 登录号 条形码 馆藏地/架位号 状态 备注
1 2000000970   2000000970   旧书回溯/ [索取号:TP3/217] 在馆    
山东省滨州职业学院图书馆 欢迎您!
大连网信软件有限公司© 版权所有